Devine le joueur de foot #3 - Statistiques

Statistiques générales
  • Ce quiz a été pris 160 fois
  • Le résultat moyen est 15 sur 20
Statistiques - réponses
Par images Réponse % Correct
Mohamed Salah
100%
Diego Armando Maradona
99%
Didier Drogba
96%
Rayan Cherki
91%
Ibrahima Konaté
90%
Jan Oblak
89%
Juninho Pernambucano
89%
Endrick Felipe Moreira de Sousa
86%
Federico Chiesa
84%
Andre Onana
81%
David Villa
78%
Francisco Román Alarcón Suárez
78%
Khvicha Kvaratskhelia
73%
Fabio Cannavaro
68%
Robert « Bobby » Charlton
63%
Javier Hernández Balcázar
56%
Ashley Young
54%
Juan Román Riquelme
53%
Lucas Stassin
52%
Francisco Conceição
46%
Aucun quiz correspondant
Distribution des résultats
% des personnes avec chaque résultat
Percentile par nombre de réponses
Votre historique - résultats
Vous n’avez pas pris ce quiz